[Event "Schleswig Holstein-ch M 63rd"]
[Site "Gross Groenau"]
[Date "2008.03.21"]
[Round "7"]
[White "Haffner, Alexander"]
[Black "Koelsch, Maximilian"]
[Result "1-0"]
[WhiteElo "2161"]
[BlackElo "2098"]
[PlyCount "87"]
[EventDate "2008.03.15"]
[EventType "swiss"]
[EventRounds "9"]
[EventCountry "GER"]
[SourceTitle "EXT 2010"]
[Source "ChessBase"]
[SourceDate "2010.11.25"]
[SourceVersion "1"]
[SourceVersionDate "2010.11.25"]
[SourceQuality "1"]

1. Nf3 c5 2. c4 e6 3. g3 Nc6 4. Bg2 g6 5. 0-0 Bg7 6. Nc3 Nge7 7. d3 0-0 8. Rb1 d5 9. cxd5 exd5 10. Bg5 Be6 11. Qd2 Re8 12. e4 d4 13. Na4 b6 14. b3 Qd7 15. Rfe1 Rad8 16. Nb2 f6 17. Bh6 Nc8 18. Bxg7 Qxg7 19. Nc4 Nd6 20. Nxd6 Rxd6 21. h3 Qd7 22. Kh2 g5 23. e5 fxe5 24. Qxg5+ Qg7 25. Qxg7+ Kxg7 26. Nxe5 Nxe5 27. Rxe5 Bf7 28. Rxe8 Bxe8 29. Re1 Bg6 30. Be4 Re6 31. f3 a5 32. Rc1 Bf7 33. Kg2 Re7 34. Kf2 h6 35. g4 Rc7 36. Rc2 a4 37. bxa4 Be8 38. Rb2 Ra7 39. Rxb6 Rxa4 40. Rb7+ Kf6 41. Rb6+ Kg7 42. Bd5 Ra3 43. Bc4 Rc3 44. f4 1-0